The need for nudges by the Supreme Court of India: The case of the appointment and removal of the Governors in India (Record no. 512742)

000 -LEADER
fixed length control field 01853nam a2200169 4500
008 - FIXED-LENGTH DATA ELEMENTS--GENERAL INFORMATION
fixed length control field 191213b ||||| |||| 00| 0 eng d
100 ## - MAIN ENTRY--PERSONAL NAME
Personal name Souza, Siddharth Peter de
245 ## - TITLE STATEMENT
Title The need for nudges by the Supreme Court of India: The case of the appointment and removal of the Governors in India
260 ## - PUBLICATION, DISTRIBUTION, ETC. (IMPRINT)
Name of publisher, distributor, etc Indian Journal of Public Administration
300 ## - PHYSICAL DESCRIPTION
Extent 65(2), Jun, 2019: p.390-408.
520 ## - SUMMARY, ETC.
Summary, etc Recent instances of improper exercise of discretion by governors of Indian states have once again underscored the need for a critical appraisal of the manner in which such governors are appointed and removed under the Indian Constitution. The gulf between what the role of a governor was envisaged to be by the Constituent Assembly and what has actually played out in reality is a matter of grave concern. It would not be wise for us to expect the legislature to provide any solution to this problem, since the prevailing scenario plays to the advantage of whichever party holds the reins at the Centre. The judgement of the Supreme Court of India in the B. P. Singhal case made some important interventions as far as this vexed issue is concerned. However, the much-needed panacea to the ills of the process of appointment and removal of governors is still eagerly awaited. In this article, we recommend that the Supreme Court of India adopts a more contextualised approach to solving this intractable problem and considers adopting the ‘nudge theory’ to provide a framework to encourage important actors in this context to take more responsible and fair decisions in order to protect and preserve the democratic structures. - Reproduced.
650 ## - SUBJECT ADDED ENTRY--TOPICAL TERM
Topical term or geographic name as entry element Supreme Court - India
9 (RLIN) 14505
700 ## - ADDED ENTRY--PERSONAL NAME
Personal name Agarwala, Aayush
9 (RLIN) 14506
773 ## - HOST ITEM ENTRY
Main entry heading Indian Journal of Public Administration
906 ## - LOCAL DATA ELEMENT F, LDF (RLIN)
Subject DIP Governors - India
942 ## - ADDED ENTRY ELEMENTS (KOHA)
Source of classification or shelving scheme
Item type Articles
Holdings
Withdrawn status Lost status Source of classification or shelving scheme Damaged status Not for loan Permanent location Current location Date acquired Serial Enumeration / chronology Barcode Date last seen Koha item type
          Indian Institute of Public Administration Indian Institute of Public Administration 2019-12-13 65(2), Jun, 2019: p.390-408. AR122072 2019-12-13 Articles

Powered by Koha